Química orgánica

Bibliographic Details
Main Authors: Wingrove, Alan S, Caret, Robert L
Format: Section = Libro
Language:Undetermined
Spanish
Published: México Harla 1981
Subjects:
LEADER 00467nam a2200193Ia 4500
008 240830s9999 xx 000 0 und d
020 |a 968-6034-36-6 
040 |a CEDOC FIQ-RUSB / 547 W772 
041 |a spa 
082 |a 547 W772 
100 1 |a Wingrove, Alan S 
100 1 |b  Caret, Robert L 
245 1 0 |a Química orgánica 
260 |a México  |b Harla  |c 1981 
300 |a 1568 p. : il 
650 7 |a QUIMICA ORGANICA 
942 |c BK  |2 ddc 
991 |a TEXTO 
999 |c 14076